00199nam a2200073Ia 4500245005400000260004500054300001000099700001600109 0aIndian national bibliography : Annual volume 1990 aKolkatabCentral Reference Libraryc1994 a476p. aAcharya, Y.